The Impact of the Use of Online Editors on the Quality of Students´ Writing

Skúmanie, do akej miery môže používanie online editora zvýšiť kvalitu písania vysokoškolákov. Prezentácia výsledkov empirického výskumu.

Saved in:
Bibliographic Details
Main Author: Halašová, Darina, 1954-
Other Authors: Krajčík Danišová, Sonia, 1981-
Format: Book Chapter
Language:English
Subjects:
Tags: Add Tag
No Tags, Be the first to tag this record!

MARC

LEADER 00000naa$a2200000$$$4500
001 0281025
005 20250805085723.3
041 0 |a eng 
044 |a CZ 
245 1 0 |a The Impact of the Use of Online Editors on the Quality of Students´ Writing  |c Darina Halašová, Sonia Krajčík Danišová 
520 |a Skúmanie, do akej miery môže používanie online editora zvýšiť kvalitu písania vysokoškolákov. Prezentácia výsledkov empirického výskumu. 
610 2 0 |a gramatika 
610 2 0 |a procesory textové 
610 2 0 |a vysokoškoláci 
610 2 0 |a študenti 
610 2 0 |a vzdelávanie 
610 2 0 |a kontrola 
610 2 0 |a výskum 
100 1 |a Halašová, Darina, 1954- 
700 1 |a Krajčík Danišová, Sonia, 1981-